Intercambio; geografía humana y económica del mundo actual /

Guardado en:
Autor Principal: Vicens, Ana
Formato: Libro
Publicado: España : Vicens-vives, 1985
Edición:10a. ed.
Materias:
Etiquetas: Agregar Etiqueta
Sin Etiquetas, Sea el primero en etiquetar este registro!
LEADER 01313nam a22002655a 4500
001 CEM.cems006543
005 20060214000000.0
008 130507s1985##################000#0#####d
003 CEMS
082 0 4 |a 330.9 
100 1 |a Vicens, Ana 
245 1 0 |a Intercambio; geografía humana y económica del mundo actual / 
250 |a 10a. ed. 
260 |a España :  |b Vicens-vives,  |c 1985 
300 |a 352 p. 
505 0 |a Distribución de la población; Necesidades humanas; Recursos naturales: Progreso desde las primitivas formas de obtener alimentos; Concepto de economia naciónal: Fomento de la riqueza, Trabajo y division del trabajo; Trueque, Dinero y capital; Comercio; Mercado: La bolsa; Formación de precios; Salario; Renta de la tierra; Interes; Mision de la tecnologia en la economia naciónal y mundial; Ayuda económica internaciónal; Politica internaciónal y economia 
653 |a Demografia 
653 |a Economia eeuu 
653 |a Economia sovietica 
653 |a Economia-cee 
653 |a Geografia 5to. año 
859 |a CEMS  |b BIB. CEMS - 11 de abril  |h 330.9  |i V743  |p 14141.86  |t Ej.1 
859 |a CEMS  |b BIB. CEMS - 11 de abril  |h 330.9  |i V743  |p 14142.86  |t Ej.2 
859 |a CEMS  |b BIB. CEMS - 11 de abril  |h 330.9  |i V743  |p 14296.86  |t Ej.3 
859 |a CEMS  |b BIB. CEMS - 11 de abril  |h 330.9  |i V743  |p 14297.86  |t Ej.4